Commercial Diplomacy and Multistakeholder Diplomacy
Saved in:
| Main Author: | |
|---|---|
| Format: | Book Chapter |
| Language: | English |
| Subjects: | |
| Tags: |
No Tags, Be the first to tag this record!
|
MARC
| LEADER | 00000naa a2200000 4500 | ||
|---|---|---|---|
| 001 | 0176749 | ||
| 005 | 20240502083418.7 | ||
| 041 | 0 | |a eng | |
| 044 | |a KZ | ||
| 245 | 1 | 0 | |a Commercial Diplomacy and Multistakeholder Diplomacy |c Lucia Kužmová |
| 610 | 2 | 0 | |a diplomacia hospodárska |
| 610 | 2 | 0 | |a diplomati |
| 610 | 2 | 0 | |a vzťahy medzinárodné |
| 610 | 2 | 0 | |a spolupráca medzinárodná |
| 100 | 1 | |a Kužmová, Lucia | |